[Event "Copenhagen Obro CXU op"]
[Site "Copenhagen"]
[Date "2023.07.27"]
[Round "6"]
[White "Andersen, Morten"]
[Black "Hagen, Andreas Skytte"]
[Result "1/2-1/2"]
[WhiteElo "2190"]
[BlackElo "2348"]
[PlyCount "97"]
[EventDate "2023.07.24"]
[EventType "swiss"]
[EventRounds "9"]
[EventCountry "DEN"]
[SourceTitle "CBM 215 Extra"]
[Source "ChessBase"]
[SourceDate "2023.09.30"]
[SourceVersion "1"]
[SourceVersionDate "2023.09.30"]
[SourceQuality "1"]

1. c4 Nf6 2. g3 g6 3. Nc3 Bg7 4. Bg2 0-0 5. e4 d6 6. Nge2 c5 7. d3 Nc6 8. 0-0 Rb8 9. h3 Ne8 10. Be3 Nc7 11. d4 b5 12. cxb5 Nxb5 13. dxc5 dxc5 14. Bxc5 Nxc3 15. bxc3 Qa5 16. Be3 Ne5 17. Bd4 Ba6 18. f4 Rb2 19. fxe5 Bxe2 20. Qc1 Bxf1 21. Qxb2 Bxg2 22. Kxg2 Bxe5 23. Rf1 Qc7 24. Qf2 f6 25. Bxa7 Qxc3 26. Qe3 Ra8 27. Rf2 Qxe3 28. Bxe3 Ra3 29. Re2 Kf7 30. g4 g5 31. Bf2 Kg6 32. Bc5 Rg3+ 33. Kf2 Rxh3 34. Bxe7 Rg3 35. a4 Rxg4 36. a5 f5 37. Bc5 Rxe4 38. Rxe4 fxe4 39. a6 Bb8 40. a7 Bxa7 41. Bxa7 Kf5 42. Kg3 h6 43. Bd4 Ke6 44. Kg4 Kd5 45. Bg7 Kc4 46. Bxh6 e3 47. Bxg5 e2 48. Bh4 e1Q 49. Bxe1 1/2-1/2

[Event "DEN-ch Rapid op"]
[Site "Avedore"]
[Date "2023.05.13"]
[Round "7"]
[White "Hagen, Andreas Skytte"]
[Black "Nielsen, Lars Aaes"]
[Result "1-0"]
[WhiteElo "2363"]
[BlackElo "2189"]
[PlyCount "79"]
[EventDate "2023.05.13"]
[EventType "swiss (rapid)"]
[EventRounds "7"]
[EventCountry "DEN"]
[SourceTitle "CBM 214 Extra"]
[Source "ChessBase"]
[SourceDate "2023.07.31"]
[SourceVersion "1"]
[SourceVersionDate "2023.07.31"]
[SourceQuality "1"]

1. e4 e6 2. d4 d5 3. Nc3 Bb4 4. e5 Qd7 5. a3 Bxc3+ 6. bxc3 b6 7. Qg4 f5 8. Qg3 Ba6 9. Bxa6 Nxa6 10. Ne2 0-0-0 11. a4 Kb7 12. a5 b5 13. Ba3 c6 14. Nf4 Nh6 15. Kd2 Rdg8 16. h4 g6 17. Qg5 Nf7 18. Qf6 Nc7 19. a6+ Ka8 20. Bc5 Nd8 21. Nd3 Rg7 22. Bb4 Ne8 23. Qg5 h6 24. Qg3 Nf7 25. Nc5 Qc8 26. Qd3 g5 27. hxg5 Rxg5 28. g3 Rg6 29. f4 Rhg8 30. Rh3 Nc7 31. Kc1 Rg4 32. Kb2 R8g6 33. Qf3 Qg8 34. Rg1 h5 35. Rxh5 Rxg3 36. Rxg3 Rxg3 37. Qh1 Rg1 38. Qh4 Rg7 39. Ba5 Nh8 40. Rxh8 1-0

[Event "Aarhus Skolernes 50"]
[Site "Aarhus"]
[Date "2022.07.14"]
[Round "5"]
[White "Hagen, Andreas Skytte"]
[Black "Nagy, Gabor"]
[Result "0-1"]
[WhiteElo "2368"]
[BlackElo "2500"]
[PlyCount "72"]
[EventDate "2022.07.11"]
[EventType "tourn"]
[EventRounds "9"]
[EventCountry "DEN"]
[EventCategory "10"]
[SourceTitle "CBM 209 Extra"]
[Source "ChessBase"]
[SourceDate "2022.09.30"]
[SourceVersion "1"]
[SourceVersionDate "2022.09.30"]
[SourceQuality "1"]

1. e4 c5 2. Nf3 e6 3. d4 cxd4 4. Nxd4 Nc6 5. Nc3 a6 6. Nxc6 bxc6 7. Bd3 d5 8. 0-0 Nf6 9. Re1 Be7 10. b3 0-0 11. Bb2 Bb7 12. Qf3 d4 13. Nb1 e5 14. Rd1 c5 15. Nd2 Nd7 16. Qe2 Qc7 17. a4 g6 18. Nc4 Rae8 19. Bc1 f5 20. Bh6 Rf6 21. Nd2 f4 22. Bc4+ Kh8 23. Nf3 Bf8 24. Bxf8 Nxf8 25. Ne1 g5 26. f3 Ng6 27. h3 h5 28. Nd3 Ref8 29. Nf2 Bc8 30. Kf1 Nh4 31. Nd3 g4 32. Qf2 g3 33. Qe2 Rg6 34. Ne1 Bxh3 35. gxh3 Qc8 36. Kg1 g2 0-1

[Event "Aarhus Skolernes 50"]
[Site "Aarhus"]
[Date "2022.07.12"]
[Round "2"]
[White "Ochsner, Bjorn Moller"]
[Black "Hagen, Andreas Skytte"]
[Result "1-0"]
[WhiteElo "2501"]
[BlackElo "2368"]
[PlyCount "133"]
[EventDate "2022.07.11"]
[EventType "tourn"]
[EventRounds "9"]
[EventCountry "DEN"]
[EventCategory "10"]
[SourceTitle "CBM 209 Extra"]
[Source "ChessBase"]
[SourceDate "2022.09.30"]
[SourceVersion "1"]
[SourceVersionDate "2022.09.30"]
[SourceQuality "1"]

1. e4 e6 2. d4 d5 3. Nd2 c5 4. exd5 Qxd5 5. Ngf3 cxd4 6. Bc4 Qd6 7. 0-0 Nf6 8. Nb3 Nc6 9. Nbxd4 Nxd4 10. Nxd4 Be7 11. c3 0-0 12. Qf3 Qc7 13. Bb3 Bd7 14. Bg5 Rad8 15. Rad1 Bc8 16. Rfe1 a6 17. Bc2 Nd5 18. Qe4 g6 19. Bh6 Rfe8 20. Nf3 Nf6 21. Qh4 Rxd1 22. Bxd1 Nd5 23. Qd4 Bf8 24. Bxf8 Rxf8 25. Bb3 Ne7 26. Ne5 Nf5 27. Qf4 Qe7 28. Ng4 Rd8 29. g3 h5 30. Ne5 Bd7 31. Bc2 Ng7 32. Qh6 Qf6 33. Qe3 Bc6 34. Nxc6 bxc6 35. Rd1 Rxd1+ 36. Bxd1 Qd8 37. Be2 Qa5 38. a3 Nf5 39. Qd3 Qb6 40. b4 a5 41. Qa6 Qxa6 42. Bxa6 axb4 43. cxb4 Nd4 44. a4 Kf8 45. a5 Ke7 46. Bd3 Kd6 47. h4 Kc7 48. Kf1 Nb3 49. Ke1 Nd4 50. Kd1 Kb8 51. Bc4 Nf3 52. Ke2 Ne5 53. Bb3 Ka7 54. Ba4 Kb7 55. f3 Nc4 56. Bb3 Nd6 57. Bc2 Nb5 58. Kd3 Kc7 59. Ke4 Kd6 60. Bd3 Nc3+ 61. Kd4 Nd5 62. Kc4 Nc7 63. f4 Nd5 64. b5 cxb5+ 65. Kxb5 e5 66. fxe5+ Kxe5 67. Bc4 1-0

[Event "Aarhus Skolernes 50"]
[Site "Aarhus"]
[Date "2022.07.11"]
[Round "1"]
[White "Rozentalis, Eduardas"]
[Black "Hagen, Andreas Skytte"]
[Result "1/2-1/2"]
[WhiteElo "2531"]
[BlackElo "2368"]
[PlyCount "89"]
[EventDate "2022.07.11"]
[EventType "tourn"]
[EventRounds "9"]
[EventCountry "DEN"]
[EventCategory "10"]
[SourceTitle "CBM 209 Extra"]
[Source "ChessBase"]
[SourceDate "2022.09.30"]
[SourceVersion "1"]
[SourceVersionDate "2022.09.30"]
[SourceQuality "1"]

1. e4 c5 2. Nf3 d6 3. Bb5+ Nd7 4. Ba4 Ngf6 5. 0-0 e6 6. Qe2 Qa5 7. Bb3 b5 8. d3 Bb7 9. Nbd2 Be7 10. c3 0-0 11. Bc2 Rfe8 12. d4 cxd4 13. cxd4 Rac8 14. Bd3 a6 15. Nb3 Qc7 16. Bd2 Nb6 17. Ba5 Bc6 18. Nbd2 Qb7 19. b3 d5 20. e5 Ne4 21. Rfe1 Nd7 22. a3 f5 23. exf6 Ndxf6 24. Ne5 Bd6 25. Ndf3 Qe7 26. a4 Bb4 27. Nxc6 Rxc6 28. axb5 Bxe1 29. Rxe1 Rcc8 30. bxa6 Qa3 31. b4 Rc3 32. Ne5 Rec8 33. a7 Rc1 34. g3 Ra8 35. Bb6 Nc3 36. Qd2 Rxe1+ 37. Qxe1 Qxb4 38. Bc5 Qb2 39. f3 Na4 40. Nc6 Nxc5 41. dxc5 e5 42. Qxe5 Qxe5 43. Nxe5 Rxa7 44. Kf2 Kf8 45. Ke3 1/2-1/2

[Event "DEN-ch blitz Final Gr-2"]
[Site "Svendborg"]
[Date "2022.04.15"]
[Round "1"]
[White "Hagen, Andreas Skytte"]
[Black "Borge, Nikolaj"]
[Result "0-1"]
[WhiteElo "2367"]
[BlackElo "2403"]
[PlyCount "66"]
[EventDate "2022.04.15"]
[EventType "tourn (blitz)"]
[EventRounds "7"]
[EventCountry "DEN"]
[SourceTitle "EXT 2024"]
[Source "ChessBase"]
[SourceDate "2023.10.10"]
[SourceVersion "1"]
[SourceVersionDate "2023.10.10"]
[SourceQuality "1"]

1. c4 e5 2. g3 c5 3. Bg2 Nc6 4. Nc3 d6 5. d3 g6 6. e4 Be6 7. Nge2 Qd7 8. Nd5 Bg7 9. 0-0 Rc8 10. f4 h5 11. Ne3 Nh6 12. h4 Nd4 13. Rb1 0-0 14. Nc3 exf4 15. gxf4 Bg4 16. Qe1 f5 17. Ned5 Rce8 18. Qg3 Qd8 19. Kh2 a6 20. Be3 fxe4 21. dxe4 Kh7 22. Rbc1 Bd7 23. Kh1 Ng4 24. Bg1 Bc6 25. Rfe1 b5 26. b3 b4 27. Ne2 Bxd5 28. cxd5 Bf6 29. Nxd4 cxd4 30. Bf2 Nxf2+ 31. Qxf2 Bxh4 32. Qf3 Bxe1 33. Rxe1 Qh4+ 0-1

[Event "DEN-ch blitz Final Gr-2"]
[Site "Svendborg"]
[Date "2022.04.15"]
[Round "5"]
[White "Hagen, Andreas Skytte"]
[Black "Hansen, Mads"]
[Result "1-0"]
[WhiteElo "2367"]
[BlackElo "2307"]
[PlyCount "67"]
[EventDate "2022.04.15"]
[EventType "tourn (blitz)"]
[EventRounds "7"]
[EventCountry "DEN"]
[SourceTitle "EXT 2024"]
[Source "ChessBase"]
[SourceDate "2023.10.10"]
[SourceVersion "1"]
[SourceVersionDate "2023.10.10"]
[SourceQuality "1"]

1. c4 e5 2. g3 Nc6 3. Nc3 g6 4. Bg2 Bg7 5. e4 Nge7 6. Nge2 0-0 7. d3 d6 8. 0-0 Be6 9. Nd5 h6 10. Be3 f5 11. Qd2 Kh7 12. b4 Qd7 13. b5 Nd8 14. Rae1 c6 15. Nxe7 Qxe7 16. exf5 Bxf5 17. Nc3 Qd7 18. bxc6 bxc6 19. d4 Nf7 20. d5 c5 21. f3 Rab8 22. g4 Bxg4 23. fxg4 Qxg4 24. Ne4 Rb4 25. Qd3 Rb2 26. Rf2 Rfb8 27. Ref1 Nh8 28. h3 Qh5 29. Nxd6 e4 30. Qxe4 Be5 31. Nf7 Bg3 32. Rf3 Rxg2+ 33. Kxg2 Rb2+ 34. Kxg3 1-0

[Event "DEN-chT 1819 57th"]
[Site "Denmark"]
[Date "2019.03.17"]
[Round "9.1"]
[White "Hagen, Andreas Skytte"]
[Black "Papp, Gabor"]
[Result "0-1"]
[WhiteElo "2377"]
[BlackElo "2599"]
[PlyCount "136"]
[EventDate "2018.10.27"]
[EventType "team-tourn"]
[EventRounds "9"]
[EventCountry "DEN"]
[SourceTitle "CBM 189 Extra"]
[Source "ChessBase"]
[SourceDate "2019.06.03"]
[SourceVersion "1"]
[SourceVersionDate "2019.06.03"]
[SourceQuality "1"]
[WhiteTeam "Aarhus/Skolerne"]
[BlackTeam "Koge Xtracon"]
[WhiteTeamCountry "DEN"]
[BlackTeamCountry "DEN"]

1. e4 c5 2. Nf3 d6 3. d4 cxd4 4. Nxd4 Nf6 5. Nc3 Nc6 6. Bg5 e6 7. Qd2 a6 8. 0-0-0 Bd7 9. f4 b5 10. Bxf6 gxf6 11. Kb1 Qb6 12. Nxc6 Bxc6 13. f5 Qc5 14. Bd3 h5 15. fxe6 fxe6 16. Rhf1 b4 17. Ne2 Bh6 18. Qe1 Ke7 19. Nf4 Bxf4 20. Rxf4 Rhf8 21. Qh4 Qg5 22. Qf2 Qc5 23. Qh4 Qe5 24. Rdf1 a5 25. Be2 a4 26. Qxh5 a3 27. Qxe5 dxe5 28. Rh4 Rh8 29. Rxh8 Rxh8 30. Bf3 Rxh2 31. bxa3 bxa3 32. Kc1 Rh8 33. Re1 Ra8 34. Re3 Ra4 35. Kd2 Kd6 36. Kc3 Rd4 37. Kb3 Ba4+ 38. Kxa3 Bxc2 39. Kb2 Ba4 40. Kc3 Bc6 41. Kc2 Ba4+ 42. Kc3 Bb5 43. Be2 Bc6 44. Bd3 Ra4 45. Bc4 f5 46. exf5 exf5 47. g3 Ra7 48. Bb3 Ra8 49. Kc4 Bd5+ 50. Kc3 Rc8+ 51. Kd2 e4 52. a4 Rh8 53. Bxd5 Kxd5 54. Rb3 Rh2+ 55. Ke3 Rg2 56. Rb5+ Ke6 57. Kf4 Rf2+ 58. Ke3 Rf3+ 59. Kd4 Rd3+ 60. Kc4 Rxg3 61. Rb1 Ke5 62. Ra1 f4 63. a5 f3 64. a6 Rg8 65. Kc3 f2 66. Rf1 e3 67. Kd3 Kf4 68. a7 Rd8+ 0-1

[Event "Helsingor Xtracon op"]
[Site "Helsingor"]
[Date "2018.07.25"]
[Round "6"]
[White "Hagen, Andreas Skytte"]
[Black "Skousen, Nikolai"]
[Result "1/2-1/2"]
[WhiteElo "2383"]
[BlackElo "2203"]
[PlyCount "219"]
[EventDate "2018.07.21"]
[EventType "swiss"]
[EventRounds "10"]
[EventCountry "DEN"]
[SourceTitle "CBM 185 Extra"]
[Source "ChessBase"]
[SourceDate "2018.07.29"]
[SourceVersion "1"]
[SourceVersionDate "2018.07.29"]
[SourceQuality "1"]

1. e4 c5 2. Nf3 g6 3. d4 cxd4 4. Nxd4 Nc6 5. c4 Nf6 6. Nc3 d6 7. Be2 Nxd4 8. Qxd4 Bg7 9. Be3 0-0 10. Qd2 a5 11. f3 a4 12. Kf2 Qa5 13. Rac1 Be6 14. Nd5 Bxd5 15. Qxa5 Rxa5 16. cxd5 Nd7 17. Rc7 Nc5 18. Rb1 Rb8 19. b4 axb3 20. axb3 Ra2 21. Kf1 b6 22. b4 Na4 23. Rbc1 h5 24. Bb5 Bf6 25. R1c2 Ra3 26. Bd2 Nb2 27. Ke2 Na4 28. Ke1 Nb2 29. Ke2 Na4 30. Rc1 Kg7 31. R1c2 g5 32. Ke1 Nb2 33. Bxg5 Bxg5 34. Rxb2 Bf6 35. Rbc2 Rb3 36. R7c4 Ra8 37. Bd7 Ra1+ 38. Kf2 h4 39. f4 b5 40. Bxb5 Rab1 41. Bd7 Rxb4 42. Rxb4 Rxb4 43. Kf3 Rb3+ 44. Kg4 Re3 45. Kf5 Re1 46. Bb5 Rb1 47. Be2 Rb2 48. Rxb2 Bxb2 49. e5 dxe5 50. fxe5 Bc3 51. d6 exd6 52. exd6 Kf8 53. Bb5 Bd4 54. Ke4 Bg1 55. h3 Bh2 56. Kd5 Bg3 57. Kc6 Bf4 58. Kd7 Bg3 59. Bc6 Bf4 60. Bd5 f6 61. Bf3 Bd2 62. Bh5 Ba5 63. Ke6 Bd8 64. Kf5 Kg7 65. Kg4 f5+ 66. Kxf5 Kf8 67. Kg4 Kg7 68. Be8 Kf8 69. Bc6 Kg7 70. Kf5 Kf8 71. Kg6 Kg8 72. Bd5+ Kf8 73. Bf7 Ba5 74. Kf6 Bd8+ 75. Ke6 Ba5 76. Bh5 Bd8 77. Kd7 Ba5 78. Kc8 Bb6 79. Bf3 Ba5 80. Kd7 Bb6 81. Ke6 Bd8 82. Bd5 Ba5 83. Kf6 Bd8+ 84. Kg6 Ke8 85. Be6 Kf8 86. Kh6 Ba5 87. Bd5 Bd8 88. Be6 Ba5 89. Kg5 Bd8+ 90. Kg4 Kg7 91. Bc4 Kf8 92. g3 hxg3 93. Kxg3 Kg7 94. Kf4 Kh8 95. Kf5 Kg7 96. Ke6 Bh4 97. Kd7 Bg5 98. Ke8 Bh4 99. d7 Bg5 100. d8Q Bxd8 101. Kxd8 Kh8 102. h4 Kg7 103. Ke7 Kh8 104. Kf6 Kh7 105. h5 Kh8 106. h6 Kh7 107. Kg5 Kh8 108. Bd3 Kg8 109. Kg6 Kh8 110. h7 1/2-1/2

[Event "Helsingor Xtracon op"]
[Site "Helsingor"]
[Date "2018.07.23"]
[Round "4"]
[White "Hagen, Andreas Skytte"]
[Black "Bekker Jensen, Simon"]
[Result "1/2-1/2"]
[WhiteElo "2383"]
[BlackElo "2483"]
[PlyCount "112"]
[EventDate "2018.07.21"]
[EventType "swiss"]
[EventRounds "10"]
[EventCountry "DEN"]
[SourceTitle "CBM 185 Extra"]
[Source "ChessBase"]
[SourceDate "2018.07.29"]
[SourceVersion "1"]
[SourceVersionDate "2018.07.29"]
[SourceQuality "1"]

1. e4 e5 2. Nf3 Nc6 3. Bb5 a6 4. Ba4 d6 5. c3 g6 6. d4 Bd7 7. 0-0 Bg7 8. Re1 Nf6 9. h3 0-0 10. Bc2 Re8 11. Nbd2 Bh6 12. Nf1 Bxc1 13. Qxc1 Kg7 14. Ng3 Qe7 15. Qd2 h6 16. Rad1 Nh7 17. Qe3 Rad8 18. Rd2 Bc8 19. Ba4 Bd7 20. Bc2 Bc8 21. a3 Ng5 22. Nh2 Na5 23. Rdd1 Ne6 24. b3 Nf4 25. Ne2 Nxe2+ 26. Qxe2 exd4 27. cxd4 d5 28. b4 Nc4 29. Ra1 a5 30. bxa5 Nxa5 31. e5 Nc4 32. a4 c5 33. Bd3 cxd4 34. f4 Qh4 35. Qf2 Qxf2+ 36. Kxf2 f6 37. Nf3 fxe5 38. fxe5 Re6 39. Rac1 Ra6 40. Bxc4 dxc4 41. Rxc4 d3 42. Ke3 Be6 43. Rb4 Bd5 44. Rd4 Rd7 45. Rb1 Ra7 46. Rxd3 Bc6 47. Rxd7+ Bxd7 48. a5 Bc6 49. Ra1 Ra6 50. Kd4 b6 51. e6 bxa5 52. Ne5 Be8 53. Nc4 a4 54. Ke5 Kf8 55. Kf6 Bd7 56. Re1 Bc8 1/2-1/2

[Event "DEN-chT 1718 56th"]
[Site "Denmark"]
[Date "2018.03.11"]
[Round "9.2"]
[White "Hagen, Andreas Skytte"]
[Black "Hillarp Persson, Tiger"]
[Result "1/2-1/2"]
[WhiteElo "2383"]
[BlackElo "2531"]
[PlyCount "76"]
[EventDate "2017.11.18"]
[EventType "team-tourn"]
[EventRounds "9"]
[EventCountry "DEN"]
[SourceTitle "EXT 2019"]
[Source "ChessBase"]
[SourceDate "2018.10.10"]
[SourceVersion "1"]
[SourceVersionDate "2018.10.10"]
[SourceQuality "1"]
[WhiteTeam "Aarhus/Skolerne"]
[BlackTeam "Bronshoj"]
[WhiteTeamCountry "DEN"]
[BlackTeamCountry "DEN"]

1. e4 c5 2. Nf3 e6 3. d4 cxd4 4. Nxd4 a6 5. Bd3 Bc5 6. Nb3 Be7 7. Qg4 g6 8. Qe2 d6 9. 0-0 Nd7 10. Na3 b6 11. Nc4 Bb7 12. a4 Ngf6 13. Bh6 Qc7 14. a5 b5 15. Nb6 Nxb6 16. axb6 Qxb6 17. Na5 Nd7 18. c4 b4 19. e5 Nc5 20. exd6 Bxd6 21. Bg7 0-0-0 22. Nxb7 Qxb7 23. Bxh8 Rxh8 24. Qe3 Qc7 25. g3 Be5 26. Rfd1 Bxb2 27. Rab1 Bc3 28. Bf1 Rd8 29. Bg2 Rxd1+ 30. Rxd1 Kb8 31. h4 Ka7 32. Rd7 Qxd7 33. Qxc5+ Kb8 34. Qf8+ Kc7 35. Qc5+ Kd8 36. Qf8+ Qe8 37. Qd6+ Qd7 38. Qf8+ Qe8 1/2-1/2

[Event "DEN-chT 1718 56th"]
[Site "Denmark"]
[Date "2018.02.11"]
[Round "7.1"]
[White "Pedersen, Jan"]
[Black "Hagen, Andreas Skytte"]
[Result "1/2-1/2"]
[WhiteElo "2396"]
[BlackElo "2383"]
[PlyCount "67"]
[EventDate "2017.11.18"]
[EventType "team-tourn"]
[EventRounds "9"]
[EventCountry "DEN"]
[SourceTitle "EXT 2019"]
[Source "ChessBase"]
[SourceDate "2018.10.10"]
[SourceVersion "1"]
[SourceVersionDate "2018.10.10"]
[SourceQuality "1"]
[WhiteTeam "Copenhagen 68"]
[BlackTeam "Aarhus/Skolerne"]
[WhiteTeamCountry "DEN"]
[BlackTeamCountry "DEN"]

1. e4 c5 2. Nf3 d6 3. Bb5+ Bd7 4. Bxd7+ Qxd7 5. c4 Nc6 6. d4 cxd4 7. Nxd4 g6 8. Nc3 Bg7 9. Be3 Nf6 10. f3 0-0 11. 0-0 a6 12. Nxc6 Qxc6 13. Nd5 Nxd5 14. cxd5 Qb5 15. Bd4 Qb4 16. Bxg7 Kxg7 17. Qb3 Qxb3 18. axb3 Rac8 19. Rac1 f5 20. Rc3 Rxc3 21. bxc3 Rc8 22. Rc1 fxe4 23. fxe4 Kf6 24. Rf1+ Ke5 25. Rf7 Rc7 26. Rxh7 Kxe4 27. c4 b5 28. Rh4+ Ke5 29. cxb5 axb5 30. Rg4 Kf5 31. Rd4 Rc5 32. h4 Ke5 33. Rg4 Kf5 34. Rd4 1/2-1/2

[Event "DEN-chT 1718 56th"]
[Site "Denmark"]
[Date "2018.01.14"]
[Round "6.3"]
[White "Hagen, Andreas Skytte"]
[Black "Hansen, Sune Berg"]
[Result "0-1"]
[WhiteElo "2383"]
[BlackElo "2580"]
[PlyCount "76"]
[EventDate "2017.11.18"]
[EventType "team-tourn"]
[EventRounds "9"]
[EventCountry "DEN"]
[SourceTitle "EXT 2019"]
[Source "ChessBase"]
[SourceDate "2018.10.10"]
[SourceVersion "1"]
[SourceVersionDate "2018.10.10"]
[SourceQuality "1"]
[WhiteTeam "Aarhus/Skolerne"]
[BlackTeam "Hillerod"]
[WhiteTeamCountry "DEN"]
[BlackTeamCountry "DEN"]

1. e4 e5 2. Nf3 Nc6 3. Bb5 a6 4. Ba4 Nf6 5. 0-0 Be7 6. Re1 b5 7. Bb3 d6 8. c3 0-0 9. h3 Nb8 10. d4 Nbd7 11. Nbd2 Bb7 12. Bc2 Re8 13. Nf1 Bf8 14. Ng3 g6 15. a4 c5 16. d5 c4 17. Bg5 Nc5 18. Qd2 Be7 19. Bh6 Nfd7 20. Nh2 Nb6 21. a5 Nba4 22. Rab1 Qxa5 23. Rf1 Nd3 24. Bxd3 cxd3 25. Qxd3 Qd8 26. f4 Bc8 27. f5 Bg5 28. Ng4 Ra7 29. f6 Nc5 30. Qc2 Bh4 31. Nh5 gxh5 32. g3 Bxg3 33. Rf5 Bxf5 34. exf5 hxg4 35. Qe2 Qxf6 36. Qxg4+ Kh8 37. Bg5 Qg7 38. f6 Qg6 0-1

[Event "Copenhagen Challenge"]
[Site "Ballerup"]
[Date "2017.05.12"]
[Round "5"]
[White "Hagen, Andreas Skytte"]
[Black "Eriksson, Christian Altenburg"]
[Result "1-0"]
[WhiteElo "2389"]
[BlackElo "2170"]
[PlyCount "93"]
[EventDate "2017.05.10"]
[EventType "swiss"]
[EventRounds "9"]
[EventCountry "DEN"]
[SourceTitle "CBM 178 Extra"]
[Source "ChessBase"]
[SourceDate "2017.06.22"]
[SourceVersion "1"]
[SourceVersionDate "2017.06.22"]
[SourceQuality "1"]

1. Nf3 c5 2. g3 Nc6 3. Bg2 g6 4. 0-0 Bg7 5. c3 d5 6. d3 e6 7. Nbd2 Nge7 8. e4 dxe4 9. dxe4 0-0 10. Qe2 e5 11. Nc4 b6 12. Rd1 Qc7 13. Nd6 Bg4 14. h3 Bxf3 15. Qxf3 Rad8 16. Nb5 Rxd1+ 17. Qxd1 Rd8 18. Qg4 Qd7 19. Qxd7 Rxd7 20. Be3 Na5 21. Bf1 Kf8 22. Be2 h5 23. Kf1 f5 24. exf5 Nxf5 25. Bg5 Bh6 26. Bxh6+ Nxh6 27. Rd1 Re7 28. Rd8+ Kg7 29. Ra8 Nc6 30. Rc8 Na5 31. b4 Nb7 32. Nxa7 Nd6 33. Ra8 cxb4 34. cxb4 Rc7 35. Nb5 Rc1+ 36. Kg2 Ne4 37. Ra7+ Kf8 38. Bd3 Re1 39. Rb7 Nd2 40. Bxg6 e4 41. Bxh5 e3 42. fxe3 Rxe3 43. Rxb6 Kg7 44. Nd4 Re5 45. Bf3 Nf7 46. h4 Nc4 47. Re6 1-0

[Event "DEN-chT 1516 54th"]
[Site "Denmark"]
[Date "2016.02.07"]
[Round "7.4"]
[White "Schwarz, Frank"]
[Black "Hagen, Andreas Skytte"]
[Result "1/2-1/2"]
[WhiteElo "2258"]
[BlackElo "2396"]
[PlyCount "55"]
[EventDate "2015.10.31"]
[EventType "team-tourn"]
[EventRounds "9"]
[EventCountry "DEN"]
[SourceTitle "CBM 170 Extra"]
[Source "ChessBase"]
[SourceDate "2016.02.25"]
[SourceVersion "1"]
[SourceVersionDate "2016.02.25"]
[SourceQuality "1"]
[WhiteTeam "Bov"]
[BlackTeam "Aarhus/Skolerne"]
[WhiteTeamCountry "DEN"]
[BlackTeamCountry "DEN"]

1. d4 Nf6 2. Bf4 d5 3. e3 c5 4. Nf3 Nc6 5. Be2 Bg4 6. 0-0 e6 7. c3 Be7 8. Nbd2 0-0 9. h3 Bh5 10. Ne5 Nxe5 11. dxe5 Bxe2 12. Qxe2 Ne4 13. Nxe4 dxe4 14. Rad1 Qc7 15. Qg4 Rfd8 16. Bg3 Qc6 17. Bh4 Bxh4 18. Qxh4 Rd3 19. c4 Qa4 20. b3 Qxa2 21. Qxe4 Rxd1 22. Rxd1 Qxb3 23. Rb1 Qc3 24. Rxb7 h6 25. Rxf7 Kxf7 26. Qb7+ Kg6 27. Qe4+ Kf7 28. Qb7+ 1/2-1/2

[Event "DEN-chT 1516 54th"]
[Site "Denmark"]
[Date "2016.01.10"]
[Round "5.2"]
[White "Brynell, Stellan"]
[Black "Hagen, Andreas Skytte"]
[Result "1/2-1/2"]
[WhiteElo "2424"]
[BlackElo "2396"]
[PlyCount "124"]
[EventDate "2015.10.31"]
[EventType "team-tourn"]
[EventRounds "9"]
[EventCountry "DEN"]
[SourceTitle "CBM 170 Extra"]
[Source "ChessBase"]
[SourceDate "2016.02.25"]
[SourceVersion "1"]
[SourceVersionDate "2016.02.25"]
[SourceQuality "1"]
[WhiteTeam "Nordkalotten"]
[BlackTeam "Aarhus/Skolerne"]
[WhiteTeamCountry "DEN"]
[BlackTeamCountry "DEN"]

1. d4 Nf6 2. c4 e6 3. Nf3 d5 4. Nc3 Bb4 5. Qb3 c5 6. dxc5 Nc6 7. Bg5 Qa5 8. Bxf6 dxc4 9. Qxc4 gxf6 10. Rc1 Qxc5 11. Qh4 Ke7 12. g3 Bxc3+ 13. bxc3 Qa3 14. Rc2 e5 15. Bh3 h5 16. 0-0 Bxh3 17. Qxh3 Qa4 18. Rb2 b6 19. Nh4 Rad8 20. Qg2 Qc4 21. Nf5+ Kf8 22. Qf3 Ne7 23. Nxe7 Kxe7 24. h4 Ke6 25. a3 f5 26. Rb4 Qd5 27. Kg2 f6 28. Rfb1 Rh7 29. a4 Qxf3+ 30. exf3 Rc7 31. a5 bxa5 32. Ra4 Rd5 33. c4 Rdc5 34. Rb8 Kf7 35. Rh8 Kg6 36. Rg8+ Kh7 37. Rb8 Kg6 38. Rg8+ Kh7 39. Rb8 Kg7 40. Rb5 Rxc4 41. Rxc4 Rxc4 42. Rxa5 Rc7 43. f4 exf4 44. Rxf5 fxg3 45. Rxh5 gxf2 46. Ra5 Rc4 47. Rxa7+ Kg6 48. Kxf2 Rxh4 49. Kg3 Rb4 50. Ra5 Re4 51. Kf3 Re5 52. Rxe5 fxe5 53. Ke4 Kf6 54. Ke3 Kf5 55. Kf3 e4+ 56. Ke3 Ke5 57. Ke2 Kd4 58. Kd2 e3+ 59. Ke2 Ke4 60. Ke1 Kd3 61. Kd1 e2+ 62. Ke1 Ke3 1/2-1/2

[Event "Rilton Cup 45th"]
[Site "Stockholm"]
[Date "2016.01.02"]
[Round "6"]
[White "Radionov, Timur"]
[Black "Hagen, Andreas Skytte"]
[Result "1/2-1/2"]
[WhiteElo "2321"]
[BlackElo "2395"]
[PlyCount "120"]
[EventDate "2015.12.27"]
[EventType "swiss"]
[EventRounds "9"]
[EventCountry "SWE"]
[SourceTitle "CBM 170 Extra"]
[Source "ChessBase"]
[SourceDate "2016.02.25"]
[SourceVersion "1"]
[SourceVersionDate "2016.02.25"]
[SourceQuality "1"]

1. e4 e5 2. Nf3 Nc6 3. d4 exd4 4. Bc4 Bc5 5. c3 Nf6 6. cxd4 Bb4+ 7. Bd2 Nxe4 8. Bxb4 Nxb4 9. Bxf7+ Kxf7 10. Qb3+ d5 11. Ne5+ Ke6 12. Qxb4 Qf8 13. Qxf8 Rxf8 14. 0-0 Kd6 15. f3 Ng5 16. Nc3 c6 17. Rad1 Ne6 18. Rfe1 Bd7 19. Na4 b6 20. b4 Rf4 21. b5 cxb5 22. Nc3 Be8 23. Ne2 Rf8 24. Rc1 a5 25. Kf2 b4 26. Ke3 Bb5 27. f4 Rac8 28. Rxc8 Rxc8 29. f5 Bxe2 30. fxe6 Bb5 31. Kf4 Kxe6 32. Nc4+ Kf6 33. Nd6 Rc2 34. Nxb5 Rxa2 35. Nc7 b3 36. Nxd5+ Kf7 37. Nxb6 b2 38. Rb1 a4 39. Nc4 a3 40. Nxa3 Rxa3 41. Rxb2 Rd3 42. Ke5 h5 43. d5 g5 44. Kd6 h4 45. Rf2+ Ke8 46. Re2+ Kd8 47. Rf2 Kc8 48. Rf5 h3 49. Rxg5 hxg2 50. Rg8+ Kb7 51. Rxg2 Rh3 52. Re2 Kc8 53. Re8+ Kb7 54. Kd7 Rxh2 55. d6 Rh7+ 56. Re7 Rh8 57. Ke6+ Kc8 58. Rc7+ Kd8 59. Ra7 Rh6+ 60. Kd5 Rh1 1/2-1/2

[Event "Rilton Cup 45th"]
[Site "Stockholm"]
[Date "2016.01.01"]
[Round "5"]
[White "Hagen, Andreas Skytte"]
[Black "Haug, Johannes"]
[Result "1-0"]
[WhiteElo "2395"]
[BlackElo "2247"]
[PlyCount "135"]
[EventDate "2015.12.27"]
[EventType "swiss"]
[EventRounds "9"]
[EventCountry "SWE"]
[SourceTitle "CBM 170 Extra"]
[Source "ChessBase"]
[SourceDate "2016.02.25"]
[SourceVersion "1"]
[SourceVersionDate "2016.02.25"]
[SourceQuality "1"]

1. d4 Nf6 2. c4 e6 3. Nf3 b6 4. g3 Bb7 5. Bg2 Be7 6. 0-0 0-0 7. Nc3 Ne4 8. Nxe4 Bxe4 9. Ne1 Bxg2 10. Nxg2 d6 11. b3 c5 12. Bb2 Bf6 13. Rb1 Nc6 14. d5 Bxb2 15. Rxb2 exd5 16. Qxd5 Ne7 17. Qf3 Qc7 18. Ne3 Qc6 19. Nf5 Qd7 20. Nxe7+ Qxe7 21. Rd2 Rad8 22. Rfd1 Rd7 23. Rd3 Rfd8 24. Re3 Qg5 25. Rd5 Qg6 26. Red3 h6 27. Kg2 Re8 28. Kf1 Re6 29. e3 Rf6 30. Qg2 Re6 31. Kg1 Kh7 32. Rd1 Qf6 33. R5d2 g6 34. Qc6 Qe7 35. Qd5 Re5 36. Qf3 Re6 37. Rd3 Rf6 38. Qg2 Re6 39. R1d2 Kg7 40. Qf1 Kh7 41. Qd1 Kg7 42. Rd5 Qf6 43. Kg2 Kf8 44. Re2 Qe7 45. Qa1 Qf6 46. Qe1 Re5 47. Rd3 d5 48. f4 Qf5 49. Red2 Qe4+ 50. Kg1 Rh5 51. Qf2 d4 52. exd4 cxd4 53. Rxd4 Rxd4 54. Qxd4 Qxd4+ 55. Rxd4 Ra5 56. a4 Ke7 57. Kf2 Rh5 58. h4 Rc5 59. Ke3 h5 60. Rd5 Ke6 61. Kd4 Rxd5+ 62. cxd5+ Kd6 63. Kc4 a6 64. Kd4 b5 65. Ke4 f6 66. Kd4 b4 67. Kc4 a5 68. Kd4 1-0